Language Quiz

Random Language or Letter Quiz

Six Letter Word Match-Up Quiz Stats

Quiz Updated Feb 18, 2016

Also try: The Only Letter
Challenge
Share
Tweet
Score 0/26 Timer 04:00
1 Play Today
% Correct
PUZ
93.2%
WAF
93.1%
VIO
90.9%
FRO
90.2%
CAN
88.4%
SCR
88.1%
RHY
87.5%
HYB
86.3%
MIT
86.1%
OUN
85.9%
ENZ
84.5%
ICI
84.3%
DEC
83.6%
% Correct
UNW
83.1%
GAR
82.6%
QUA
82.2%
BAR
80.6%
YEA
78.6%
LOU
76.7%
ALI
73.6%
TAS
70.6%
NAC
67.4%
ZIN
62.1%
JIN
61.4%
KAR
58.6%
XYL
53.7%

You're not logged in!

Compare scores with friends on all Sporcle quizzes.
Sign Up with Email
OR
Log In

You Might Also Like...

Show Comments

Extras

Top Quizzes Today


Score Distribution

Your Account Isn't Verified!

In order to create a playlist on Sporcle, you need to verify the email address you used during registration. Go to your Sporcle Settings to finish the process.